| 000 | 00498nam a2200169 a 4500 | ||
|---|---|---|---|
| 001 | 32 | ||
| 003 | CDMR | ||
| 005 | 20130308094844.0 | ||
| 008 | 130130s2002||||||||||||||||||||||||||||d | ||
| 020 | _a8484373479 | ||
| 040 |
_aCDMR _bcat _cCPC GIRONA |
||
| 100 | 1 |
_aPushkin, Aleksandr Sergueevich _935 |
|
| 245 | 1 | 0 |
_aMozart i Salieri i altres obres _cA.S. Puixkin ; selecció, traducció i introducció d'Helena Vidal |
| 260 |
_c2002 _bProa _aBarcelona |
||
| 490 | 0 |
_aClàssics universals _v6 |
|
| 942 |
_cMON _2udc |
||
| 999 |
_c32 _d32 |
||